| 000 | 00593 a2200205 4500 | ||
|---|---|---|---|
| 999 |
_c196549 _d196549 |
||
| 005 | 20230714162845.0 | ||
| 010 | _aENG-137404 | ||
| 020 | _c290.00 | ||
| 035 | _aEN-120936 | ||
| 037 | _bDBAD/Pub | ||
| 082 | 1 | 4 | _a657.95 |
| 100 | _aPrasad, G. | ||
| 245 | 1 |
_aCorporate Accounting _cG. Prasad [and] K. S. R. Krishna Prasad |
|
| 250 | _aFirst edition. | ||
| 260 |
_aGuntur _bJai Bharath Publishers _c2010 |
||
| 270 |
_a2/18 Brodiepet _bGuntur _e522 002 |
||
| 300 |
_avpp.; _c25cm(pbk) |
||
| 700 | _aPrasad, K.S.R. Krishna | ||
| 942 |
_cEN _2ddc _h657.95 _mPRA _eFirst edition |
||